000 01692nam a22003017a 4500
005 20080603144117.0
010 _aENG-90283 B-456578-580
020 _a8123752563
_c300.00
035 _aEN-73816 B-456578-580
037 _bDBAD / VEN
037 _bK.K.Pub/Ven
082 _a954.02
100 _aIrfan Habib
_949942
245 _aMedieval India:
_bthe study of a civilization /
_cby Irfan Habib
260 _aNew Delhi
_bNational Book Trust
_c2007
260 _aDelhi
_bNorth India Publishers & Distributors (Dis)
270 _aA-5, Green Park,
_bNew Delhi
_e110016
270 _aPhase-E-1/265, Gali no. 17, Sonia Vihar,
_bDelhi
_e110094
300 _aix, 293p.:
_c23 cm (Hb)
_bb&w photos
490 _aPopular social science
_949943
500 _aIncludes bibliographical references and index
942 _2ddc
_cEN
_h954.02
_mIRF
999 _c13216
_d13216